Qabil dan Habil

Bibliographic Details
Main Author: Syalabiy, Saad Ismail
Format: Book
Published: Kuala Lumpur : DBP , 1993
Series:Siri pendidikan Al Quran untuk kanak-kanak
Subjects:

MARC

LEADER 00000cam a2200000 7i4500
001 0000006662
002 000007184
005 20000330.0
020 |a 9836233377 
090 0 0 |a 297.122   |b SYA 
100 1 |a Syalabiy, Saad Ismail 
245 1 0 |a Qabil dan Habil   |c Saad Ismail Syalabiy ; penterjemah Rushidah Hussin 
260 |a Kuala Lumpur :   |b DBP ,   |c 1993 
300 |a 35p. ;   |c 23cm. 
490 0 |a Siri pendidikan Al Quran untuk kanak-kanak 
650 0 0 |a Islamic stories, Malay 
999 |a 039927   |b BUKU   |c PINJAMAN   |e PERPUSTAKAAN KOMUNITI PETALING JAYA